<?xml version="1.0" encoding="UTF-8"?>
<marc:record xmlns:marc="http://www.loc.gov/MARC21/slim">
   <marc:leader>00000nam a2200000 a 4500</marc:leader>
   <marc:datafield ind1="1" ind2=" " tag="100">
      <marc:subfield code="a">Wedgwood, Cicely V.</marc:subfield>
      <marc:subfield code="4">aut</marc:subfield>
      <marc:subfield code="e">Verfasser/-in</marc:subfield>
   </marc:datafield>
   <marc:datafield ind1="1" ind2=" " tag="100">
      <marc:subfield code="a">Wedgwood, Cicely V.</marc:subfield>
   </marc:datafield>
   <marc:datafield ind1=" " ind2=" " tag="653">
      <marc:subfield code="a">Geschichte</marc:subfield>
   </marc:datafield>
   <marc:datafield ind1=" " ind2=" " tag="653">
      <marc:subfield code="a">Dreißigjähriger Krieg</marc:subfield>
   </marc:datafield>
   <marc:datafield ind1="0" ind2="0" tag="245">
      <marc:subfield code="a">Der Dreißigjährige Krieg</marc:subfield>
   </marc:datafield>
   <marc:datafield ind1="0" ind2="0" tag="245">
      <marc:subfield code="c">C. V. Wedgwood. Aus dem Engl. von A. G. Girschick</marc:subfield>
   </marc:datafield>
   <marc:datafield ind1=" " ind2="1" tag="264">
      <marc:subfield code="a">Hamburg</marc:subfield>
      <marc:subfield code="b">Nikol</marc:subfield>
      <marc:subfield code="c">2011</marc:subfield>
   </marc:datafield>
   <marc:datafield ind1="1" ind2=" " tag="520">
      <marc:subfield code="a">Angaben aus der Verlagsmeldung

Der Dreißigjährige Krieg / von C V Wedgwood

Der Dreißigjährige Krieg besitzt in der Geschichte des Abendlandes mehr als andere Epochen immerwährende Aktualität. C.V. Wedgwoods Standardwerk spricht Fachleute und interessierte Laien gleichermaßen an: Diese gründliche und umfassende Studie vereint wissenschaftliche Akribie mit Kraft und Elan der Darstellung. Man wird diese Chronik des Chaos und der Verwüstung nicht lesen, ohne sich von dem starken persönlichen Engagement
der Autorin mitreißen zu lassen, und man wird gleichzeitig die Fairneß und Sachlichkeit ihres Urteils bewundern.
</marc:subfield>
   </marc:datafield>
   <marc:datafield ind1=" " ind2=" " tag="020">
      <marc:subfield code="a">9783868201253</marc:subfield>
      <marc:subfield code="9">9783868201253</marc:subfield>
   </marc:datafield>
   <marc:datafield ind1=" " ind2=" " tag="041">
      <marc:subfield code="a">ger</marc:subfield>
   </marc:datafield>
   <marc:datafield ind1=" " ind2=" " tag="300">
      <marc:subfield code="a">517 S.</marc:subfield>
   </marc:datafield>
</marc:record>
